000 005700000a22001810004500
003 MACL
005 20160413115908.0
008 160413b xxu||||| |||| 00| 0 eng d
040 _aMACL
_cMACL
041 _aHindi
082 _a610
100 _aगर्ग सी. एल.
_950791
245 _aसबके लिए स्‍वास्‍थ्‍य
260 _bइंद्रप्रस्‍थ्‍ा इंटरनेशनल
_c2004
_aनई दिल्‍ली
350 _a150
650 _aMedical Science
_952100
942 _cHIN
_k610
_2ddc
999 _c17978
_d17978